000 00580nam a2200205Ia 4500
005 20250923145114.0
008 008 250917s9999 xx 000 0 eng d
037 _aTextual
040 _aDSWL
_beng
_cDSWL
041 _aeng
_2eng
084 _aY:7:7.2WL72, N66
_qDSWL
100 _aTagore, S.N.
_9831840
245 0 _aRaja Rammohan Roy
_cby S.N. Tagore
260 _aNew Delhi
_b Sahitya Akademi
_c1966
300 _axviii,216 p.
365 _aINR
_b4.50
925 _g4.50
942 _cTEXL
_hY:7:7.2WL72, N66
999 _c1447163
_d1447163